| 000 | 00768nam a2200217 i 4500 | ||
|---|---|---|---|
| 001 | 7089 | ||
| 003 | ES-MaACL | ||
| 005 | 20230906145146.0 | ||
| 007 | t| | ||
| 008 | 900817s1987 sp ||||1| spa d | ||
| 020 | _a84-86770-02-5 | ||
| 080 | _a9(46)"1936/1939":371.12 | ||
| 080 | _a371.12(46)"1936/1939" | ||
| 245 | 0 | 0 |
_aPurga de maestros en la guerra civil _b: la depuracion del magisterio nacional de la provincia de Burgos / _cJesus Crespo Redondo... [et al.]. |
| 260 |
_aValladolid : _bAmbito, _cD.L. 1987. |
||
| 300 |
_a220 p. ; _c21 cm. |
||
| 650 | 1 | 4 |
_aProfesores- _zBurgos- _y1936-1939. _916457 |
| 651 | 4 |
_aEspaƱa- _xHistoria- _y1936-1939, Guerra civil. _98292 |
|
| 700 | 1 |
_aCrespo Redondo, Jesus. _941552 |
|
| 852 |
_aES-MaACL _jL-14328 _bR.117866 _z. - rust. |
||
| 999 |
_c7089 _d7089 |
||